NBA Players Tile Select - Statistics

General Stats
  • This quiz has been taken 22 times
  • The average score is 50 of 60
Answer Stats
Question Tile Select % Correct
selected number 1 overall in the NBA draft Dwyane Wade No
100%
who were selected to the NBA's 75th Anniversary team Joe Johnson No
100%
who won Finals MVP Karl Malone No
100%
selected number 1 overall in the NBA draft Kawhi Leonard No
100%
who played on the same team as LeBron James Kevin Love Yes
100%
who played on the same team as LeBron James Klay Thompson No
100%
who played on the same team as LeBron James LaMarcus Aldridge No
100%
who played on the same team as LeBron James Nikola Jokic No
100%
who won a scoring title Patrick Ewing No
100%
who played on the same team as LeBron James Tony Parker No
100%
who won Finals MVP Allen Iverson No
95%
who played on the same team as LeBron James Damian Lillard No
95%
who won Finals MVP Derrick Rose No
95%
who won a scoring title Jason Kidd No
95%
who won a scoring title Kevin Durant Yes
95%
who won a scoring title Kevin McHale No
95%
who won Finals MVP Larry Bird Yes
95%
selected number 1 overall in the NBA draft Michael Jordan No
95%
who played on the same team as LeBron James Paul Pierce No
95%
who won Finals MVP Shaquille O'Neal Yes
95%
who won Finals MVP Stephen Curry Yes
95%
who played on the same team as LeBron James Anthony Davis Yes
89%
who were selected to the NBA's 75th Anniversary team Charles Barkley Yes
89%
who were selected to the NBA's 75th Anniversary team Clyde Drexler Yes
89%
who won Finals MVP Hakeem Olajuwon Yes
89%
who won a scoring title James Harden Yes
89%
who were selected to the NBA's 75th Anniversary team John Stockton Yes
89%
selected number 1 overall in the NBA draft Kareem Abdul-Jabbar Yes
89%
who won Finals MVP LeBron James Yes
89%
who won a scoring title Paul George No
89%
selected number 1 overall in the NBA draft Steve Nash No
89%
who won a scoring title Tim Duncan No
89%
who won a scoring title Tracy McGrady Yes
89%
who played on the same team as LeBron James Udonis Haslem Yes
89%
who won Finals MVP Andre Iguodala Yes
84%
selected number 1 overall in the NBA draft Blake Griffin Yes
84%
who were selected to the NBA's 75th Anniversary team Chris Paul Yes
84%
who won Finals MVP Kevin Garnett No
84%
selected number 1 overall in the NBA draft Kobe Bryant No
84%
selected number 1 overall in the NBA draft Kyrie Irving Yes
84%
who played on the same team as LeBron James Ray Allen Yes
84%
who played on the same team as LeBron James Zydrunas Ilgauskas Yes
84%
who won Finals MVP David Robinson No
79%
selected number 1 overall in the NBA draft Dwight Howard Yes
79%
who won a scoring title Joel Embiid Yes
79%
who were selected to the NBA's 75th Anniversary team Giannis Antetokounmpo Yes
74%
who played on the same team as LeBron James Shaquille O'Neal Yes
74%
selected number 1 overall in the NBA draft Yao Ming Yes
74%
who were selected to the NBA's 75th Anniversary team Bob Cousy Yes
68%
who were selected to the NBA's 75th Anniversary team Carmelo Anthony Yes
68%
who were selected to the NBA's 75th Anniversary team Chris Bosh No
68%
who won a scoring title George Gervin Yes
68%
selected number 1 overall in the NBA draft Moses Malone No
68%
who were selected to the NBA's 75th Anniversary team Manu Ginobili No
63%
selected number 1 overall in the NBA draft Chris Webber Yes
58%
who were selected to the NBA's 75th Anniversary team Dwight Howard No
58%
who won a scoring title David Robinson Yes
53%
who were selected to the NBA's 75th Anniversary team Dikembe Mutombo No
53%
who won a scoring title Dirk Nowitzki No
53%
who won Finals MVP Bill Russell No
11%
No matching quizzes found
Score Distribution
Percent of People with Each Score
Percentile by Number Answered
Your Score History
You have not taken this quiz